| 000 | 00747nam a22002297a 4500 | ||
|---|---|---|---|
| 999 |
_c65687 _d65687 |
||
| 005 | 20240530110838.0 | ||
| 008 | 191203s2007 ua a f 000 0 ara d | ||
| 017 |
_a2007/20861 _bمصر. دار الكتب |
||
| 020 | _a9775973333 | ||
| 040 |
_aEG-CaGPL _cEG-CaGPL |
||
| 082 |
_221 _a916.21 _bق/ا ن |
||
| 100 | 0 | _aاحمد سعيد تاج الدين | |
| 245 | 1 | 2 |
_aالنيل هبة المصرين / _cاحمد سعيد تاج الدين |
| 250 | _aط.1 | ||
| 260 |
_aالقاهرة : _bدار ايجى مصر، _c2007 |
||
| 300 |
_a64 ص. : _bايض. ؛ _c24 سم. |
||
| 650 | 0 | 7 |
_2qrmak _aنهر النيل _zمصر |
| 651 | _2qrmak | ||
| 653 | _aنهر النيل | ||
| 942 |
_2ddc _cBK |
||